Čo prináša otvorená ekonomika
Vzrast konkurencie, pokles nebezpečenstva monopolu domácich výrobcov, bohatšia a lacnejšia ponuka, zvýšenie exportných možností pre slovenských výrobcov. EÚ však nie sú len pozitíva.
Na minha lista:
| Autor principal: | |
|---|---|
| Outros Autores: | |
| Formato: | Capítulo de Livro |
| Idioma: | eslovaco |
| Assuntos: | |
| Tags: |
Sem tags, seja o primeiro a adicionar uma tag!
|
MARC
| LEADER | 00000naa$a2200000$$$4500 | ||
|---|---|---|---|
| 001 | 0010209 | ||
| 005 | 20231107125131.7 | ||
| 041 | 0 | |a slo | |
| 044 | |a SK | ||
| 245 | 1 | 0 | |a Čo prináša otvorená ekonomika |c aut. Andrea Hinková-Dibarborová, Daniel Košťál |
| 520 | |a Vzrast konkurencie, pokles nebezpečenstva monopolu domácich výrobcov, bohatšia a lacnejšia ponuka, zvýšenie exportných možností pre slovenských výrobcov. EÚ však nie sú len pozitíva. | ||
| 610 | 2 | 0 | |a obchod |
| 610 | 2 | 0 | |a Európska únia |
| 100 | 1 | |a Hinková-Dibarborová, Andrea | |
| 700 | 1 | |a Košťál, Daniel | |